000 00528 a2200181 4500
003 OSt
005 20240905120651.0
008 240127b |||||||| |||| 00| 0 eng d
020 _a9789391376338
040 _coclc
082 _a892.71
_bKAT/T
100 _aKattayad, Mammootty
_910316
245 _aThwarafayude Muallaqa= Muallaqa of Tarafa /
_cMammootty Kattayad
250 _a1st ed.
260 _aCalicut:
_bIPB Books,
_c2022.
300 _a254p.
942 _2ddc
_cBK
_h892.71
_iKAT/T
_k892.71
_mKAT/T
999 _c43310
_d43310